Understanding the choices for building controls (Record no. 115098)

MARC details
000 -LEADER
fixed length control field 01605cam a22002295a 4500
001 - CONTROL NUMBER
control field L158043
008 - FIXED-LENGTH DATA ELEMENTS--GENERAL INFORMATION
fixed length control field 130613s2014 xxk f 000 0 eng d
020 ## - INTERNATIONAL STANDARD BOOK NUMBER
International Standard Book Number 9781848063594
035 ## - SYSTEM CONTROL NUMBER
System control number (Sirsi) u158043
041 0# - LANGUAGE CODE
Language code of text/sound track or separate title eng
100 1# - MAIN ENTRY--PERSONAL NAME
Personal name Lewry, Andy
245 00 - TITLE STATEMENT
Title Understanding the choices for building controls
260 ## - PUBLICATION, DISTRIBUTION, ETC.
Place of publication, distribution, etc. Watford
Name of publisher, distributor, etc. BRE
Date of publication, distribution, etc. 2014
300 ## - PHYSICAL DESCRIPTION
Extent 16p.
Other physical details ill.
Dimensions 30cm.
490 #0 - SERIES STATEMENT
Series statement BRE Information Paper
Volume/sequential designation (1/14)
520 ## - SUMMARY, ETC.
Summary, etc. The control of energy in smaller buildings is generally poor, despite the availability of a range of tried and tested systems incorporating both mature and innovative technologies. The installation of heating, ventilation and air conditioning (HVAC) zone controls, optimising controllers for wet heating systems, and lighting controls are encouraged by the government. Financial support through the enhanced capital allowances (ECA) scheme and good practice guidance from the Carbon Trust is provided. Despite this, specifications are often limited to the minimum requirements; innovative technologies, such as pre-programmed packaged building energy management systems (BEMS) and demand control ventilation (DCV), are rarely applied. This Information Paper addresses the barriers to applying energy efficient control systems by providing simple explanations of innovative technology, what it can do, where and why it can and should be used - the pros and cons, and how to get to an effective solution in practice.
521 ## - TARGET AUDIENCE NOTE
Target audience note Advanced
650 24 - SUBJECT ADDED ENTRY--TOPICAL TERM
Topical term or geographic name entry element BUILDING CONTROLS,HVAC
651 #4 - SUBJECT ADDED ENTRY--GEOGRAPHIC NAME
Geographic name ENGLAND AND WALES
690 ## - LOCAL SUBJECT ADDED ENTRY--TOPICAL TERM (OCLC, RLIN)
Topical term or geographic name as entry element BUILDING CONTROL
9 (RLIN) 6222
942 ## - ADDED ENTRY ELEMENTS (KOHA)
Suppress in OPAC 0
Holdings
Withdrawn status Lost status Source of classification or shelving scheme Damaged status Not for loan Home library Current library Shelving location Date acquired Total Checkouts Full call number Barcode Date last seen Copy number Price effective from Koha item type
    Dewey Decimal Classification     London London BRE publications 19/02/2014   BRE 30075112 06/08/2019 1 06/08/2019 Book